000 00649nam a22001697a 4500
003 SGT
020 _a9788122433234
082 _a518.4,JAI
100 _aJAIN, M. K.
245 _aNUMERICAL METHODS
_bFOR SCIENTIFIC AND ENGINEERING COMPUTATION
250 _a6TH
260 _aNEW DELHI
_bNEW AGE INTERNATIONAL PUBLISHERS
_c2015
300 _a722
650 _aNUMERICAL METHODS
653 _aHIGH SPEED COMPUTATION, TRANSCENDENTAL AND POLYNOMIAL EQUATIONS, SYSTEM OF LINEAR ALGEBRAIC EQUATIONS,SYSTEM OF LINEAR ALGEBRAIC EQUATIONS AND EIGENVALUE PROBLEMS INTER PROLATION AND APPROXIMATION, DIFERENTIATION AND INTEGRATION
942 _2ddc
_cFPS
_06
999 _c9217
_d9217